[Event "RUS-ch Seniors"]
[Site "Odintsovo"]
[Date "2011.04.20"]
[Round "2"]
[White "Ostrovsky, Alexander"]
[Black "Shenaev, Vyatsheslav"]
[Result "1/2-1/2"]
[WhiteElo "2356"]
[BlackElo "2246"]
[PlyCount "135"]
[EventDate "2011.04.19"]
[EventType "swiss"]
[EventRounds "9"]
[EventCountry "RUS"]
[SourceTitle "CBM 142 Extra"]
[Source "ChessBase"]
[SourceDate "2011.06.27"]
[SourceVersion "1"]
[SourceVersionDate "2011.06.27"]
[SourceQuality "1"]

1. e4 c5 2. c3 Nc6 3. d4 d5 4. exd5 Qxd5 5. Nf3 e5 6. dxe5 Qxd1+ 7. Kxd1 Bg4 8. Bf4 Nge7 9. Bb5 0-0-0+ 10. Nbd2 Ng6 11. Bg3 Ncxe5 12. Kc1 Nxf3 13. gxf3 Bh5 14. Bc4 Bd6 15. Bxf7 Bf4 16. Bxf4 Nxf4 17. Bxh5 Nxh5 18. Kc2 Nf4 19. a4 Rd3 20. Rhg1 Rhd8 21. Nc4 Rxf3 22. Rxg7 Rxf2+ 23. Kb3 Rxh2 24. Rf1 Rh4 25. Rf7 Nd5 26. Rg1 Rd7 27. Rf8+ Kc7 28. Rg5 b6 29. Ne5 Re7 30. Nf3 Rf4 31. Rxf4 Nxf4 32. Rf5 Ne6 33. Rh5 Rf7 34. Ne5 Rg7 35. Kc4 Kd6 36. b4 cxb4 37. cxb4 Ke7 38. Rh6 Kd6 39. Nd3 Rc7+ 40. Kb5 Kd5 41. Ka6 Kd4 42. Rxe6 Kxd3 43. Rh6 Ke4 44. b5 Kf5 45. Rh1 Kg6 46. Rg1+ Kf7 47. Rf1+ Kg8 48. Rg1+ Kh8 49. Rh1 Kg7 50. Rg1+ Kf6 51. Rh1 Kg5 52. Rg1+ Kf4 53. Rh1 Kg3 54. a5 bxa5 55. Kxa5 Kg4 56. Rg1+ Kf5 57. Rh1 Kg6 58. Rg1+ Kf7 59. Rh1 Kg8 60. Ka6 Rg7 61. Rh5 Rd7 62. Rh1 Kg7 63. Rg1+ Kf6 64. Rf1+ Kg5 65. Rg1+ Kf4 66. Rf1+ Kg3 67. Rh1 Re7 68. Ka5 1/2-1/2

[Event "RUS-ch Seniors"]
[Site "Lesnoj Gorodok"]
[Date "2009.10.09"]
[Round "7"]
[White "Shenaev, Vyatsheslav"]
[Black "Matveev, Vladimir1111"]
[Result "1-0"]
[WhiteElo "2290"]
[BlackElo "2222"]
[PlyCount "59"]
[EventDate "2009.10.03"]
[EventType "swiss"]
[EventRounds "9"]
[EventCountry "RUS"]
[SourceTitle "CBM 132 Extra"]
[Source "ChessBase"]
[SourceDate "2009.11.03"]
[SourceVersion "1"]
[SourceVersionDate "2009.11.03"]
[SourceQuality "1"]

1. d4 d5 2. c4 e6 3. Nc3 c5 4. e3 Nc6 5. Nf3 Nf6 6. Be2 a6 7. a4 Bd6 8. 0-0 0-0 9. b3 Qe7 10. Ba3 dxc4 11. Bxc4 Rd8 12. Ne2 cxd4 13. Bxd6 Qxd6 14. Nexd4 Nxd4 15. Qxd4 Qxd4 16. Nxd4 Bd7 17. Rfd1 Kf8 18. Rac1 e5 19. Nf3 b5 20. axb5 axb5 21. Be2 e4 22. Nd4 b4 23. h3 Nd5 24. Bc4 Nc3 25. Rd2 Ke7 26. Nc2 Na2 27. Ra1 f5 28. Kh2 g6 29. Kg3 Bc6 30. Nd4 1-0

[Event "RUS-ch Seniors"]
[Site "Lesnoj Gorodok"]
[Date "2009.10.06"]
[Round "4"]
[White "Shenaev, Vyatsheslav"]
[Black "Zaitsev, Igor A"]
[Result "0-1"]
[WhiteElo "2290"]
[BlackElo "2421"]
[PlyCount "108"]
[EventDate "2009.10.03"]
[EventType "swiss"]
[EventRounds "9"]
[EventCountry "RUS"]
[SourceTitle "CBM 132 Extra"]
[Source "ChessBase"]
[SourceDate "2009.11.03"]
[SourceVersion "1"]
[SourceVersionDate "2009.11.03"]
[SourceQuality "1"]

1. d4 Nf6 2. c4 g6 3. Nc3 Bg7 4. e4 d6 5. Be2 0-0 6. Bg5 Nc6 7. d5 Nb4 8. a3 Na6 9. b4 h6 10. Be3 e6 11. h3 Nxd5 12. Nxd5 exd5 13. exd5 Nb8 14. Bd4 Bxd4 15. Qxd4 a5 16. b5 Nd7 17. Rc1 Qg5 18. Rc3 Qxg2 19. Bf3 Qg5 20. h4 Qe5+ 21. Ne2 Qxd4 22. Nxd4 Nc5 23. Re3 Bd7 24. Kd2 Rae8 25. Rhe1 Rxe3 26. Rxe3 Re8 27. Bg2 Rxe3 28. Kxe3 Kg7 29. Bf1 Kf6 30. Kf4 Ke7 31. Be2 f6 32. Ke3 g5 33. hxg5 fxg5 34. f4 Kf6 35. fxg5+ hxg5 36. Bf1 Bg4 37. Bg2 Ke5 38. Bh1 Bf5 39. Bg2 Bd3 40. Nf3+ Kf6 41. Nd2 Bf5 42. Nf3 Be4 43. Bh3 Bxf3 44. Kxf3 Ke5 45. Ke3 Na4 46. Bf1 Nc3 47. Kd3 Ne4 48. Ke3 Ng3 49. Bh3 Nf5+ 50. Kf3 b6 51. a4 Nh6 52. Ke3 g4 53. Bf1 Nf5+ 54. Kd3 Kf4 0-1

[Event "RUS-ch Seniors"]
[Site "Lesnoj Gorodok"]
[Date "2009.10.05"]
[Round "3"]
[White "Bobylev, Valentin"]
[Black "Shenaev, Vyatsheslav"]
[Result "0-1"]
[WhiteElo "2103"]
[BlackElo "2290"]
[PlyCount "120"]
[EventDate "2009.10.03"]
[EventType "swiss"]
[EventRounds "9"]
[EventCountry "RUS"]
[SourceTitle "CBM 132 Extra"]
[Source "ChessBase"]
[SourceDate "2009.11.03"]
[SourceVersion "1"]
[SourceVersionDate "2009.11.03"]
[SourceQuality "1"]

1. Nf3 c5 2. g3 Nc6 3. Bg2 g6 4. 0-0 Bg7 5. e4 Nf6 6. Re1 d6 7. c3 e5 8. d3 0-0 9. Nbd2 h6 10. h3 Be6 11. b3 Qd7 12. Kh2 b5 13. Bb2 b4 14. Nc4 Nh5 15. a3 bxc3 16. Bxc3 Nd4 17. Nxd4 exd4 18. Bd2 d5 19. exd5 Bxd5 20. Bxd5 Qxd5 21. Re4 Nf6 22. Re1 Rfe8 23. Rxe8+ Rxe8 24. Qf1 Qf3 25. Re1 Rxe1 26. Bxe1 Qd1 27. b4 cxb4 28. axb4 Nd5 29. Kg1 a6 30. Bd2 Qxf1+ 31. Kxf1 Bf8 32. b5 axb5 33. Na5 Bb4 34. Ke2 Bxd2 35. Kxd2 Nb4 36. Nb3 Nc6 37. Nc5 Kf8 38. Na6 Ke7 39. Nc7 Na7 40. Kc2 Kd7 41. Nd5 Kd6 42. Nf6 Nc6 43. Kb3 Ne5 44. Kc2 g5 45. h4 gxh4 46. gxh4 Ke6 47. Ne8 b4 48. Nc7+ Kf5 49. Nd5 Kg4 50. Nxb4 Kxh4 51. Kd2 Kg4 52. Ke2 h5 53. Nc2 Nc6 54. Ne1 h4 55. Kf1 h3 56. Kg1 Ne5 57. Nc2 Nf3+ 58. Kf1 Kf4 59. Nb4 Ne1 60. Nd5+ Ke5 0-1

[Event "RUS-ch Seniors"]
[Site "Odintsovo"]
[Date "2008.10.04"]
[Round "3"]
[White "Masich, Vladimir"]
[Black "Shenaev, Vyatsheslav"]
[Result "0-1"]
[WhiteElo "2057"]
[BlackElo "2278"]
[PlyCount "80"]
[EventDate "2008.10.02"]
[EventType "swiss"]
[EventRounds "9"]
[EventCountry "RUS"]
[SourceTitle "CBM 127 Extra"]
[Source "ChessBase"]
[SourceDate "2009.01.08"]
[SourceVersion "2"]
[SourceVersionDate "2009.01.28"]
[SourceQuality "1"]

1. c4 e5 2. g3 Nf6 3. Bg2 d5 4. cxd5 Nxd5 5. Qa4+ Nc6 6. Nc3 Nxc3 7. dxc3 Bd7 8. Nf3 Be7 9. 0-0 Nd4 10. Qd1 Nxf3+ 11. Bxf3 c6 12. Qc2 0-0 13. Qe4 Qc7 14. Rd1 Be6 15. Qa4 f5 16. Be3 f4 17. Bd2 b5 18. Qc2 Rf6 19. a4 bxa4 20. Qxa4 Bd5 21. Bxd5+ cxd5 22. Qa5 Qc6 23. Be1 Rd8 24. Qxa7 fxg3 25. hxg3 Bc5 26. Qa5 Bb6 27. Qa4 Qb7 28. e3 Rh6 29. Kf1 Qf7 30. Ke2 d4 31. Qa2 Re6 32. cxd4 exd4 33. Ba5 dxe3 34. Rxd8+ Bxd8 35. fxe3 Bg5 36. Bd2 h6 37. Rf1 Rxe3+ 38. Bxe3 Qxa2 39. Bxg5 hxg5 40. Kf2 Qxb2+ 0-1

[Event "Moscow Jan"]
[Site "Moscow"]
[Date "2007.01.23"]
[Round "14"]
[White "Shenaev, Vyatsheslav"]
[Black "Kuznecov, Mikhail"]
[Result "1/2-1/2"]
[WhiteElo "2265"]
[BlackElo "2344"]
[PlyCount "30"]
[EventDate "2007.01.10"]
[EventType "tourn"]
[EventRounds "15"]
[EventCountry "RUS"]
[SourceTitle "EXT 2010"]
[Source "ChessBase"]
[SourceDate "2010.11.25"]
[SourceVersion "1"]
[SourceVersionDate "2010.11.25"]
[SourceQuality "1"]

1. d4 Nf6 2. c4 c5 3. d5 b5 4. cxb5 a6 5. bxa6 Bxa6 6. Nc3 d6 7. Nf3 g6 8. e4 Bxf1 9. Kxf1 Bg7 10. g3 0-0 11. h3 Nbd7 12. Kg2 Ra6 13. Re1 Qa8 14. Re2 Nb6 15. Rb1 Nfd7 1/2-1/2

[Event "Moscow Jan"]
[Site "Moscow"]
[Date "2007.01.18"]
[Round "9"]
[White "Shenaev, Vyatsheslav"]
[Black "Akhmetov, Alexandr Ol"]
[Result "1/2-1/2"]
[WhiteElo "2265"]
[BlackElo "2289"]
[PlyCount "32"]
[EventDate "2007.01.10"]
[EventType "tourn"]
[EventRounds "15"]
[EventCountry "RUS"]
[SourceTitle "EXT 2010"]
[Source "ChessBase"]
[SourceDate "2010.11.25"]
[SourceVersion "1"]
[SourceVersionDate "2010.11.25"]
[SourceQuality "1"]

1. c4 d6 2. Nc3 e5 3. Nf3 f5 4. d4 e4 5. Ng5 Nf6 6. f3 Nc6 7. fxe4 h6 8. Nh3 fxe4 9. g3 g5 10. Bg2 Bg7 11. 0-0 0-0 12. Nf2 Ng4 13. e3 Nxf2 14. Rxf2 Rxf2 15. Kxf2 Qe7 16. Kg1 Bf5 1/2-1/2

[Event "Moscow Jan"]
[Site "Moscow"]
[Date "2007.01.16"]
[Round "7"]
[White "Shenaev, Vyatsheslav"]
[Black "Khropova, Larisa"]
[Result "1/2-1/2"]
[WhiteElo "2265"]
[BlackElo "2163"]
[PlyCount "36"]
[EventDate "2007.01.10"]
[EventType "tourn"]
[EventRounds "15"]
[EventCountry "RUS"]
[SourceTitle "EXT 2010"]
[Source "ChessBase"]
[SourceDate "2010.11.25"]
[SourceVersion "1"]
[SourceVersionDate "2010.11.25"]
[SourceQuality "1"]

1. e4 e6 2. d4 d5 3. e5 c5 4. c3 Qb6 5. Nf3 Bd7 6. a3 Bb5 7. Bxb5+ Qxb5 8. Qe2 Qxe2+ 9. Kxe2 cxd4 10. cxd4 Nc6 11. Nc3 Nge7 12. Be3 h5 13. Rac1 a6 14. Na4 Nf5 15. Nc5 Bxc5 16. Rxc5 Kd7 17. Rhc1 Rac8 18. b4 Na7 1/2-1/2

[Event "EU-ch Seniors 03rd"]
[Site "Saint Vincent"]
[Date "2003.09.23"]
[Round "7"]
[White "Shenaev, Vyatsheslav"]
[Black "Kraidman, Yair"]
[Result "1/2-1/2"]
[WhiteElo "2221"]
[BlackElo "2319"]
[PlyCount "116"]
[EventDate "2003.09.17"]
[EventType "swiss"]
[EventRounds "9"]
[EventCountry "ITA"]
[SourceTitle "CBM 096 Extra"]
[Source "ChessBase"]
[SourceDate "2003.10.22"]
[SourceVersion "2"]
[SourceVersionDate "2003.10.20"]
[SourceQuality "1"]

1. d4 d5 2. c4 c6 3. Nc3 Nf6 4. Bg5 e6 5. e3 h6 6. Bh4 Nbd7 7. Nf3 Bd6 8. Rc1 0-0 9. Bd3 dxc4 10. Bxc4 e5 11. 0-0 exd4 12. Qxd4 Qe7 13. Rfd1 Bc7 14. Bb3 g5 15. Bg3 Bxg3 16. hxg3 g4 17. Nh4 Ne5 18. Qf4 Kg7 19. Ne4 Nxe4 20. Qxe4 Ng6 21. Nf5+ Bxf5 22. Qxf5 Qg5 23. Qxg5 hxg5 24. Rd7 Rab8 25. Rc5 Kf6 26. Kf1 Ne5 27. Rd6+ Ke7 28. Rh6 f6 29. Rh7+ Kd6 30. Rc1 Rh8 31. Rd1+ Kc5 32. Bc2 Rxh7 33. Bxh7 Rh8 34. Be4 Rh1+ 35. Ke2 Rxd1 36. Kxd1 Nc4 37. Kc2 Nd6 38. Bd3 b5 39. b3 a5 40. f3 Kd5 41. Bg6 c5 42. Bh5 f5 43. Kd2 c4 44. e4+ fxe4 45. Bxg4 Kd4 46. f4 e3+ 47. Kc2 Ne4 48. Bf3 Nxg3 49. fxg5 Ke5 50. bxc4 bxc4 51. Kc3 e2 52. Bxe2 Nxe2+ 53. Kxc4 a4 54. a3 Nf4 55. Kb5 Kd5 56. Kxa4 Kc4 57. g3 Ng6 58. Ka5 Kc5 1/2-1/2